| 000 | 00543nam a22001697a 4500 | ||
|---|---|---|---|
| 999 |
_c8455 _d8455 |
||
| 008 | 201124b ||||| |||| 00| 0 eng d | ||
| 040 | _aBMS College of Architecture | ||
| 100 | _aT.M, Nivya | ||
| 245 | _aBlurring the lines- transunity skill development centre Bangalore | ||
| 300 | _a62p. | ||
| 500 | _a1BM14AT060 | ||
| 502 |
_8B,Arch _NBMS College of Architecture, Visvesvaraya Technological University (VTU) _aProject report _d2018 |
||
| 650 | _aNA | ||
| 700 |
_aMamtha Verma _eGuide |
||
| 700 |
_aSachin Shetty _eGuide |
||
| 942 |
_2ddc _cTHE |
||